The Oxford illustrated junior dictionary (ระเบียนเลขที่ 77173)
| 000 -LEADER | |
|---|---|
| fixed length control field | 00679nam a22002057a 4500 |
| 005 - DATE AND TIME OF LATEST TRANSACTION | |
| control field | 20210325214633.0 |
| 008 - FIXED-LENGTH DATA ELEMENTS--GENERAL INFORMATION | |
| fixed length control field | s1991 eng d |
| 020 ## - INTERNATIONAL STANDARD BOOK NUMBER | |
| International Standard Book Number | 0199103313 |
| 041 ## - LANGUAGE CODE | |
| Language code of text/sound track or separate title | eng |
| 050 ## - LIBRARY OF CONGRESS CALL NUMBER | |
| Classification number | R AG 630.3 S26O 1991 |
| 100 0# - MAIN ENTRY--PERSONAL NAME | |
| Personal name | Reid, Dee |
| 245 10 - TITLE STATEMENT | |
| Title | The Oxford illustrated junior dictionary |
| 260 3# - PUBLICATION, DISTRIBUTION, ETC. | |
| Place of publication, distribution, etc. | Oxford : |
| Name of publisher, distributor, etc. | Oxford University Press, |
| Date of publication, distribution, etc. | 1991 |
| 650 04 - SUBJECT ADDED ENTRY--TOPICAL TERM | |
| Topical term or geographic name entry element | English Language -- Dictionaries, Juvenile |
| 850 ## - HOLDING INSTITUTION | |
| Holding institution | NALT |
| 942 ## - ADDED ENTRY ELEMENTS (KOHA) | |
| Koha item type | Reference Book |
| 997 ## - | |
| -- | G 3379 |
| 997 ## - | |
| -- | 000000000077173 |
| 998 ## - LOCAL CONTROL INFORMATION (RLIN) | |
| -- | นางสาวอรุณทิพย์ จันทร์ดิษฐ์ |
| Withdrawn status | Lost status | Damaged status | Not for loan | Collection code | Home library | Current library | Source of acquisition | Total Checkouts | Full call number | Barcode | Date last seen | Price effective from | Koha item type |
|---|---|---|---|---|---|---|---|---|---|---|---|---|---|
| Reference Book collection | National Assembly Library of Thailand | National Assembly Library of Thailand | บริจาค | R AG 630.3 S26O 1991 | 3961205416 | 09/06/2017 | 09/06/2017 | Reference Book |
